|
|
|
|
| LEADER |
00951nam a2200241 a 4500 |
| 001 |
c000366494 |
| 003 |
CARM |
| 005 |
00000000000000.0 |
| 008 |
851211s1961 dcu 00010 eng d |
| 019 |
1 |
|
|a 4167030
|z 27688345
|5 LACONCORD2021
|
| 035 |
|
|
|a (OCoLC)367368
|5 LACONCORD2021
|
| 040 |
|
|
|d NNCU
|
| 100 |
1 |
|
|a Millis, Walter,
|d 1899-1968.
|
| 245 |
1 |
0 |
|a Military history /
|c by Walter Millis.
|
| 260 |
|
|
|a Washington :
|b Service Center for Teachers of History,
|c 1961.
|
| 300 |
|
|
|a 18 p. ;
|c 23 cm.
|
| 490 |
0 |
|
|a Publication / Service Center for Teachers of History ;
|v no.39
|
| 650 |
|
0 |
|a Military history.
|
| 830 |
|
|
|a Publication (Service Center for Teachers of History (U.S.)) ;
|v no.39.
|
| 852 |
8 |
|
|b CARM
|h A1:AL22E0
|i B10106
|p 0452789
|f BK
|
| 082 |
0 |
4 |
|a 907.2
|2 19
|
| 999 |
f |
f |
|i 2362c7e1-5e07-5340-9988-76d503df6040
|s bcbc7f98-1161-515d-bc09-27c50ac5ad7b
|
| 952 |
f |
f |
|p Can circulate
|a CAVAL
|b CAVAL
|c CAVAL
|d CARM 1 Store
|e B10106
|f A1:AL22E0
|h Other scheme
|i book
|m 0452789
|